[Event "BCF-chT4 1516 (4NCL)"]
[Site "England"]
[Date "2015.11.15"]
[Round "2.99"]
[White "Szwajkun, Steve"]
[Black "Graham, Cassie M"]
[Result "0-1"]
[WhiteElo "1540"]
[BlackElo "1812"]
[PlyCount "100"]
[EventDate "2015.11.14"]
[EventType "team-swiss"]
[EventRounds "11"]
[EventCountry "ENG"]
[SourceTitle "EXT 2017"]
[Source "ChessBase"]
[SourceDate "2016.10.25"]
[SourceVersion "1"]
[SourceVersionDate "2016.10.25"]
[SourceQuality "1"]
[WhiteTeam "Shropshire III"]
[BlackTeam "Sussex Martlets II"]
[WhiteTeamCountry "ENG"]
[BlackTeamCountry "ENG"]

1. Nf3 Nf6 2. d3 c5 3. Nbd2 Nc6 4. e4 d6 5. g3 g6 6. Bg2 Bg7 7. c3 0-0 8. 0-0 Bg4 9. h3 Bd7 10. Qc2 Rc8 11. a4 a6 12. c4 Ne8 13. Rd1 Nb4 14. Qb1 Nc7 15. Nf1 Qe8 16. Bd2 Bxa4 17. Re1 Nc2 18. Bc3 Nxe1 19. Qxe1 Bxc3 20. Qxc3 e5 21. Ne3 Bd7 22. h4 Be6 23. Ng5 Qe7 24. Nxe6 fxe6 25. Ng4 h5 26. Nh2 Qf7 27. Nf3 Ra8 28. Qd2 Qg7 29. Ng5 Rf6 30. Rf1 b5 31. b3 bxc4 32. dxc4 Qe7 33. Qd1 Rb8 34. Bf3 Rb6 35. Kg2 a5 36. g4 Rf4 37. Nh3 hxg4 38. Bxg4 Rxe4 39. Ng5 Rf4 40. Qc2 Rxg4+ 41. Kh3 Rxg5 42. hxg5 Qxg5 43. Qd1 Qh5+ 44. Qxh5 gxh5 45. Kh4 Rxb3 46. Rg1+ Kf7 47. Rg5 Ne8 48. Rxh5 Nf6 49. Rh8 Rf3 50. Kg5 Rf5+ 0-1